Electricidad y electrónica V.2

Gespeichert in:
Bibliographische Detailangaben
Körperschaft: España. Ministerio de Educación y Ciencia .
Format: Buch
Sprache:Spanisch
Erschienen: Madrid : Ministerio de Educación y Ciencia, D.L. 1996
Katalog:MANES:  Suchergebnis im Bibliothekskatalog
Schulbuchspezifische Eigenschaften:
Schriftenreihe:Ciclos Formativos de Formación Profesional
Schlagworte:
Tags: Tag hinzufügen
Keine Tags, Fügen Sie den ersten Tag hinzu!
Hinzugefügt zu:09.02.2019
Geändert in:07.05.2025

MARC

LEADER 00000cam a2200000 4500
005 20250507134455.0
008 190210s1996 esp 0000 0 spa d
020 |a 8489167532 
040 |a uned  |b spa  |c entro-manes 
245 0 0 |a Electricidad y electrónica /   |c Ministerio de Educación y Ciencia.   |n V.2 
260 |a Madrid :   |b Ministerio de Educación y Ciencia,   |c D.L. 1996 
300 |a V. 2 (342 p.) 
490 0 |a Ciclos Formativos de Formación Profesional  
505 1 |g V. 2 
546 |a España 
561 |5 es-BUNED  |3 L.T.M. 1114  |a España. Fondo Manes UNED  |k MANES 
690 0 |a ETP 
650 7 |a Planes de educación  |a Formacion profesional (FP) 
710 1 |a España.  |b Ministerio de Educación y Ciencia . 
942 |2 ddc  |c BK 
999 |c 95263  |d 95263 
999 |c manes:95263  |d 95263